[Event "Sao Paulo ECP A"]
[Site "Sao Paulo"]
[Date "2016.04.30"]
[Round "6.2"]
[White "Atanes Netto, Severiano"]
[Black "Venelli, Luiz Gonzaga"]
[Result "0-1"]
[WhiteElo "1694"]
[BlackElo "1761"]
[PlyCount "102"]
[EventDate "2016.03.12"]
[EventType "tourn"]
[EventRounds "11"]
[EventCountry "BRA"]
[SourceTitle "EXT 2022"]
[Source "ChessBase"]
[SourceDate "2021.10.06"]
[SourceVersion "1"]
[SourceVersionDate "2021.10.06"]
[SourceQuality "1"]

1. e4 c6 2. d4 d5 3. Nc3 dxe4 4. Nxe4 Bf5 5. Ng3 Nf6 6. Nxf5 Qa5+ 7. c3 Qxf5 8. Nf3 g6 9. Bd3 Qc8 10. 0-0 Bg7 11. Re1 e6 12. Bg5 0-0 13. Qd2 Nbd7 14. Re2 Qc7 15. h3 Rae8 16. Rae1 Nd5 17. Bh6 N7f6 18. Ne5 Ne7 19. Bf4 Qd8 20. Nc4 Nc8 21. Be5 Nd7 22. Bxg7 Kxg7 23. Qf4 Nf6 24. Ne5 Ne7 25. g4 Ned5 26. Qg3 Nd7 27. Nc4 Qf6 28. Nd6 Rb8 29. c4 Nf4 30. Ne4 Nxe2+ 31. Rxe2 Qxd4 32. Rd2 Qe5 33. Qf3 Nc5 34. Nxc5 Qxc5 35. b3 Rbd8 36. Qe4 Qd4 37. Qf3 Qf6 38. Qg3 Rd7 39. Re2 Rfd8 40. Be4 Rd1+ 41. Kg2 Qa1 42. Qe3 Qd4 43. Qg3 Qd6 44. Qh4 Qf4 45. Bf3 g5 46. Qg3 Qxg3+ 47. Kxg3 R1d2 48. Re3 Rxa2 49. h4 h6 50. Be4 Rdd2 51. f3 Rg2+ 0-1

[Event "Sao Paulo ECP A"]
[Site "Sao Paulo"]
[Date "2016.04.02"]
[Round "3.4"]
[White "Pedote, Paschoal"]
[Black "Atanes Netto, Severiano"]
[Result "0-1"]
[WhiteElo "1318"]
[BlackElo "1694"]
[PlyCount "70"]
[EventDate "2016.03.12"]
[EventType "tourn"]
[EventRounds "11"]
[EventCountry "BRA"]
[SourceTitle "EXT 2022"]
[Source "ChessBase"]
[SourceDate "2021.10.06"]
[SourceVersion "1"]
[SourceVersionDate "2021.10.06"]
[SourceQuality "1"]

1. e4 c5 2. Nf3 d6 3. d4 cxd4 4. Nxd4 Nf6 5. Nc3 a6 6. Bd3 b5 7. b4 Bb7 8. Bg5 e6 9. 0-0 Be7 10. Re1 Qc7 11. Qd2 Nc6 12. Nxc6 Qxc6 13. f3 0-0 14. a4 Rfc8 15. Ra3 Rab8 16. axb5 axb5 17. Bxb5 Qc7 18. Qd3 h6 19. Bh4 Nxe4 20. Bxe7 Nxc3 21. Bxd6 Qb6+ 22. Bc5 Qxb5 23. Rxc3 Qa4 24. Qd4 Bd5 25. Bd6 Ra8 26. Rxc8+ Rxc8 27. c3 Qb3 28. Bc5 Ra8 29. h3 Ra2 30. Kh2 Qc2 31. Qg4 h5 32. Qg3 Qxc3 33. Qf4 Qxe1 34. Bd4 Qd2 35. Qg3 Qxd4 0-1

[Event "Sao Paulo Esporte CC-B"]
[Site "Sao Paulo"]
[Date "2015.06.27"]
[Round "10"]
[White "Schutt, Helmut Peter"]
[Black "Atanes Netto, Severiano"]
[Result "1-0"]
[WhiteElo "1507"]
[BlackElo "1728"]
[PlyCount "82"]
[EventDate "2015.04.11"]
[EventType "tourn"]
[EventRounds "11"]
[EventCountry "BRA"]
[SourceTitle "EXT 2017"]
[Source "ChessBase"]
[SourceDate "2016.10.25"]
[SourceVersion "1"]
[SourceVersionDate "2016.10.25"]
[SourceQuality "1"]

1. e4 c5 2. Nf3 d6 3. Nc3 a6 4. a3 Nc6 5. d4 cxd4 6. Nxd4 Nxd4 7. Qxd4 e6 8. Bd3 Nf6 9. b4 Be7 10. 0-0 0-0 11. Bb2 b5 12. Rae1 Bb7 13. h3 Qc7 14. Ne2 e5 15. Qe3 Rac8 16. Rc1 Rfd8 17. c4 Qd7 18. f4 exf4 19. Nxf4 bxc4 20. Bxc4 Bf8 21. Bxf6 gxf6 22. Qg3+ Kh8 23. Nh5 Qe7 24. Rxf6 Qxe4 25. Rxf7 Qd4+ 26. Kh2 d5 27. Nf6 Qxf6 28. Rxf6 dxc4 29. Qg4 Bg7 30. Rf7 Rg8 31. Qf5 Ba8 32. Rxg7 Kxg7 33. Qe5+ Kh6 34. Qe6+ Kg7 35. Qe5+ Kh6 36. g4 Rcd8 37. Rxc4 Rd2+ 38. Kg3 Rg2+ 39. Kh4 Bf3 40. Rc7 Bxg4 41. Qe3+ Kg6 1-0

[Event "Sao Paulo ECP Etapa Siegmund Gansl I"]
[Site "Sao Paulo"]
[Date "2015.06.14"]
[Round "5.12"]
[White "Maraz, Ricardo"]
[Black "Atanes Netto, Severiano"]
[Result "1-0"]
[WhiteElo "1707"]
[BlackElo "1728"]
[PlyCount "81"]
[EventDate "2015.06.12"]
[EventType "swiss"]
[EventRounds "6"]
[EventCountry "BRA"]
[SourceTitle "EXT 2022"]
[Source "ChessBase"]
[SourceDate "2021.10.06"]
[SourceVersion "1"]
[SourceVersionDate "2021.10.06"]
[SourceQuality "1"]

1. e4 c5 2. Nf3 d6 3. Bb5+ Bd7 4. Bxd7+ Nxd7 5. c4 Ngf6 6. Nc3 g6 7. d4 cxd4 8. Nxd4 Bg7 9. 0-0 0-0 10. Be3 a6 11. a4 Qc7 12. Rc1 e6 13. b3 Nc5 14. f3 Rad8 15. Nde2 Qb6 16. Rb1 Qc6 17. Qc2 Nfd7 18. b4 Ne5 19. bxc5 Nxc4 20. Qc1 dxc5 21. Kh1 Rd3 22. Bg1 Rfd8 23. Rd1 Rxd1 24. Nxd1 Nd2 25. Ndc3 Nxb1 26. Qxb1 c4 27. h3 Rd3 28. Qb4 b5 29. Bc5 a5 30. axb5 axb4 31. bxc6 Rd8 32. Bxb4 Rc8 33. Bd6 Rxc6 34. e5 Bf8 35. Nd4 Ra6 36. Ndb5 Bxd6 37. Nxd6 Kf8 38. f4 f6 39. Kg1 f5 40. Kf2 Ra1 41. g4 1-0